000 00313 a2200145 4500
001 169096
020 _a
040 _cMagnum
100 _aMange, Marilyn Diggs
240 1 0 _aArte brasileira para criancas
_lpor
245 1 0 _aArte brasileira para criancas
362 0 _a1899
697 _aARTES
942 _cBK
999 _c169096
_d169096